| 000 | 01576nam2a22003131 4500 | ||
|---|---|---|---|
| 001 | rc\3917685 | ||
| 005 | 20130415110404.2 | ||
| 021 |
_aRU _b[54-1073ж] |
||
| 035 | _a(NLR Aleph) 008023866 | ||
| 090 |
_a8778039 _c8778039 |
||
| 100 | _a20130415d1953 |||y0rusy50 ca | ||
| 101 | 0 | _arus | |
| 102 | _aRU | ||
| 105 | _aa z ||||| | ||
| 200 | 1 | _a[Бинагадинский ископаемый осел Equus cf. hidruntinus Reg. | |
| 210 | _d1953 | ||
| 215 |
_a336 с., 5 л. табл. _cил. |
||
| 225 | 1 |
_a... _vВып. 6 |
|
| 300 | _aРезюме статей на азерб. яз. | ||
| 320 | _aБиблиогр. в конце статей | ||
| 423 | 0 |
_11010#$arus _12001#$aМатериалы к изучению длинных трубчатых костей (диафизов) молодых особей бинагадинских крупных млекопитающих, и другие статьи] _1700#1$aБурчак-Абрамович$bН.И. |
|
| 423 | 0 |
_11010#$arus _12001#$aМатериалы к количественному учету копытных бинагадинского местонахождения четвертичной фауны _1700#1$aБурчак-Абрамович$bН.И. _1701#1$aДжафаров$bР.Д. |
|
| 461 | 0 |
_1001rc\3917682 _12001#$aБинагадинское местонахождение четвертичной фауны и флоры$eЧ. 1-$vЧ. 3 |
|
| 700 | 1 |
_aГаджиев _bВ. Г. |
|
| 801 | 0 |
_aRU _bNLR _gpsbo |
|
| 801 | 1 |
_aRU _bELAR _2rusmarc |
|
| 852 |
_aNLR _jП7/339 |
||
| 942 | _cBOOK | ||
| 980 | _aNB | ||